01311nam a2200229Ia 4500001000600000008004100006090001600047100004500063245021500108260003200323300001000355502008100365650015600446700008700602901001600689902000600705905006300711942000600774999001900780952014100799952014100940Z_437220601s9999 xx 000 0 und d aTesis G 393 aGonzález Medina, Sergio Armando949166 aEvaluación del valor nutritivo de la parota (Enterolobium cyclocarpum) en la alimentación de ovinos / por Sergio Armando González Medina, Nohemí Ariceaga Sánchez y Nicolás Alberto Altamirano Gómez aChapingo, Méx. : El autor a41 h. aTesis (Ing. Agrónomo Esp. en Zootecnia) -- UACH. Departamento de Zootecnia a1. Enterolobium cyclocarpum 2. Ganado lanar - Alimentación 3. Arboles como forraje 4. Alimentos y alimentación del ganado - Valor nutritivo9177033 aAriceaga Sánchez, Nohemí II. Altamirano Gómez, Nicolás AlbertoÌ9177034 aTESIS G 393 aM a0000001985 0000000000 00 c2 c216836d216836 00102local4055708TESISaZbZd2006-10-05eEl autorl0oTesis G66 393 1985p5101000561r2022-06-02 00:00:00tEj.2w2022-06-02yTESIS 00102local4051708TESISaZbZd2005-11-09eEl autorl0oTesis G66 393 1985p5101000560r2022-06-02 00:00:00tEj.1w2022-06-02yTESIS